Skład Legii Warszawa - Sezon 25/26 - Statystyki

Ogólne statystyki
  • Ten quiz został rozwiązany 106 razy
  • Średni wynik to 23 z 31
Statystyki odpowiedzi
Numer Narodowość Wiek Zawodnik % Poprawnych
1 Polska 23 Kacper Tobiasz
98%
67 Polska 28 Bartosz Kapustka
91%
3 Demokratyczna Republika Konga 27 Steve Kapuadi
90%
18 Kamerun 32 Jean-Pierre Nsame
86%
29 Dania 26 Mileta Rajovic
86%
19 Portugalia 26 Ruben Vinagre
85%
55 Polska 38 Artur Jędrzejczyk
84%
22 Kolumbia 26 Juergen Elitim
84%
27 Polska 23 Gabriel Kobylak
83%
82 Polska 21 Kacper Urbański
83%
12 Serbia 30 Radovan Pankov
82%
8 Polska 32 Rafał Augustyniak
82%
53 Polska 20 Wojciech Urbański
82%
7 Polska 33 Paweł Wszołek
81%
14 Chorwacja 32 Antonio Colak
78%
77 Kosowo 27 Ermal Krasniqi
77%
44 Polska 30 Damian Szymański
75%
4 Szwajcaria 25 Marco Burch
74%
30 Słowenia 30 Petar Stojanovic
73%
91 Polska 25 Kamil Piątkowski
72%
5 Portugalia 31 Claude Goncalves
71%
11 Polska 26 Kacper Chodyna
69%
13 Polska 30 Arkadiusz Reca
68%
23 Polska 30 Patryk Kun
67%
99 Niemcy 24 Noah Weisshaupt
63%
20 Polska 18 Jakub Żewłakow
61%
6 Portugalia 20 Henrique Arreiol
60%
31 Polska 20 Marcel Mendes-Dudzinski
55%
21 Armenia 21 Vahan Bichakhchyan
49%
51 Polska 17 Pascal Mozie
38%
50 Polska 19 Wojciech Banasik
37%
Nie znaleziono quizów pasujących do podanych kryteriów
Rozkład punktacji
Procent ludzi z każdym wynikiem
Percentyl według liczby udzielonych odpowiedzi
Twoja historia wyników
Nie rozwiązałeś tego quizu